10 Longest rivers in Bosnia and Herzegovina - Statistics

General Stats
  • This quiz has been taken 59 times
  • The average score is 7 of 11
Answer Stats
Lenght Answer % Correct
947km Sava
100%
230km Neretva
94%
346km Drina
92%
273km Bosna
90%
212km Una
84%
240km Vrbas
74%
146km Sana
70%
96.5km Trebisnjica
52%
137.5km Spreca
16%
82km Usora
14%
70km Vrbanja
14%
No matching quizzes found
Score Distribution
Percent of People with Each Score
Percentile by Number Answered
Your Score History
You have not taken this quiz